Top 10 most important and famous people from Arkansas, Kansas, ND, SD - Statistics

General Stats
  • This quiz has been taken 48 times
  • The average score is 5 of 10
Answer Stats
Hint Answer % Correct
President from 1993 to 2001 Bill Clinton
100%
The first female aviator to fly solo across the Atlantic Ocean Amelia Earhart
94%
Singer and songwriter, Ring of Fire, Sunday Morning Coming Down Johnny Cash
71%
Basketball player who played 17 seasons in the NBA, 6 times winner of NBA championships with Chicago Bulls Scottie Pippen
71%
Rapper, See You Again, Black and Yellow Wiz Khalifa
65%
General of World War Two, key figure in the Pacific theatre Douglas MacArthur
41%
Actor, comedian, and director known for his silent film works Buster Keaton
35%
Singer, Let's Stay Together, How Can You Mend a Broken Heart Al Green
24%
Boxer who competed from 1953 to 1970. A dominant contender of his era, he became the world heavyweight champion in 1962 Sonny Liston
12%
Only wrestler who won all of the primary heavyweight championships in WWE Brock Lesnar
6%
No matching quizzes found
Score Distribution
Percent of People with Each Score
Percentile by Number Answered
Your Score History
You have not taken this quiz